Az államalapító királyra emlékeztünk Ópusztaszeren

Elmentve itt :
Bibliográfiai részletek
Szerzők: Fekete Sándor, V.
Torgyán József
Horn Gyula
Dokumentumtípus: Cikk
Megjelent: 1995-08-21
Sorozat:Délmagyarország 85 No. 195
Kulcsszavak:Horn Gyula 1932-, Ópusztaszer, Politikusok látogatása Ópusztaszer
Online Access:http://dmarchiv.bibl.u-szeged.hu/87180
LEADER 00651nab a2200193 i 4500
001 delm87180
005 20191010134559.0
008 191010s1995 hu o 0|| hun d
040 |a SZTE Délmagyarország Archívum  |b hun 
041 |a hun 
100 1 |a Fekete Sándor, V. 
245 1 3 |a Az államalapító királyra emlékeztünk Ópusztaszeren  |h [elektronikus dokumentum] /  |c  Fekete Sándor, V. 
260 |c 1995-08-21 
300 |a 1, 6 
490 0 |a Délmagyarország  |v 85 No. 195 
695 |a Horn Gyula 1932-, Ópusztaszer, Politikusok látogatása Ópusztaszer 
700 0 1 |a Torgyán József  |e aut 
700 0 1 |a Horn Gyula  |e aut 
700 0 1 |a Torgyán József  |e aut